00741nam a22001457a 4500008004100000050002300041245027200064260005700336300001700393440001100410800002500421942001200446999001600458952012100474140911b xxu||||| |||| 00| 0 eng d aKF101.A312(vol. 6) aCases Argued and Decided in the Supreme Court of the United States:b9, 10, 11, 12 Wheaton, U.S. Lawyers' edition, complete with head lines, head notes, statements of cases, points and authorities of counsel, foot notes and parallel references. /cStephen K. Williams aNew York:bThe Lawyers co-operative pub. co.,c1882. a757p.c24cm. vVol. 6 aWilliams, K. Stephen 2lcccBK c4718d12218 00102lcc4070aWIUC-1bWIUC-1cLLd2014-09-11l0oKF101.A312(vol. 6)p0132/13r2014-09-11 00:00:00w2014-09-11yBK